[Event "Montreal op"]
[Site "Montreal CAN"]
[Date "2025.09.04"]
[Round "2.22"]
[White "Duval, Mathieu"]
[Black "Di Matteo, Alessio"]
[Result "0-1"]
[WhiteElo "1929"]
[BlackElo "1876"]
[WhiteFideId "-1"]
[WhiteFideId "-1"]
[PlyCount "68"]
[GameId "2219480985720581"]
[EventDate "2025.09.03"]
[EventType "swiss"]
[EventRounds "7"]
[EventCountry "CAN"]

1. d4 Nf6 2. c4 e6 3. Nc3 Bb4 4. e3 O-O 5. Bd3 d5 6. a3 Bxc3+ 7. bxc3 dxc4 8. Bxc4 c5 9. Ne2 Qc7 10. Bd3 Nc6 11. O-O e5 12. e4 cxd4 13. cxd4 exd4 14. Bg5 Ng4 15. Bf4 Qe7 16. Bb5 Rd8 17. Bxc6 bxc6 18. h3 Ne5 19. Nxd4 c5 20. Bxe5 Qxe5 21. Nf3 Qe7 22. Qc2 Be6 23. e5 Bd5 24. Nh2 Qxe5 25. Qxc5 Rac8 26. Qxa7 Qg5 27. Ng4 Bxg2 28. Kxg2 h5 29. Qa4 f5 30. Qb3+ Kh8 31. Qg3 fxg4 32. hxg4 Rd4 33. f4 Rc2+ 34. Kh3 hxg4+ 0-1

[Event "Montreal op"]
[Site "Montreal CAN"]
[Date "2025.09.04"]
[Round "2.23"]
[White "Morin, Richer"]
[Black "Deboosere, Adam Moussa"]
[Result "1-0"]
[WhiteElo "1859"]
[BlackElo "1925"]
[WhiteFideId "-1"]
[WhiteFideId "-1"]
[PlyCount "81"]
[GameId "2219480985720582"]
[EventDate "2025.09.03"]
[EventType "swiss"]
[EventRounds "7"]
[EventCountry "CAN"]

1. e4 c5 2. Nf3 d6 3. c3 Nf6 4. h3 Nc6 5. Bd3 e5 6. Bc2 d5 7. exd5 Qxd5 8. d3 Bf5 9. Nh4 Be6 10. O-O O-O-O 11. Qe2 h6 12. Re1 g5 13. Nf3 g4 14. hxg4 Bxg4 15. Nbd2 Rg8 16. Bb3 Qd7 17. Nf1 Bd6 18. Ng3 h5 19. Qe3 h4 20. Nxh4 Rh8 21. Qg5 Nh7 22. Qg7 Be6 23. Bxe6 Qxe6 24. Nhf5 f6 25. Qg4 Kb8 26. Nh6 Qe8 27. Be3 Bf8 28. Rad1 Bxh6 29. Bxh6 Rg8 30. Qf3 Qf7 31. Be3 Qf8 32. Ne4 c4 33. dxc4 Rxd1 34. Rxd1 f5 35. Nd6 f4 36. Bc5 Ng5 37. Qg4 Ne4 38. Nxe4 Qf7 39. Qd7 Qxc4 40. Qd5 Qxd5 41. Rxd5 1-0

[Event "Montreal op"]
[Site "Montreal CAN"]
[Date "2025.09.04"]
[Round "2.24"]
[White "Radenovic, Milan"]
[Black "Martinez Mulet, Dario Leonel"]
[Result "1-0"]
[WhiteElo "1851"]
[BlackElo "2173"]
[WhiteFideId "-1"]
[WhiteFideId "-1"]
[PlyCount "87"]
[GameId "2219480985728775"]
[EventDate "2025.09.03"]
[EventType "swiss"]
[EventRounds "7"]
[EventCountry "CAN"]

1. e4 e5 2. Nf3 Nc6 3. Nc3 Nf6 4. Bb5 Bc5 5. Nxe5 Nxe5 6. d4 Bd6 7. O-O O-O 8. f4 Neg4 9. e5 Bb4 10. exf6 Nxf6 11. f5 d5 12. Bg5 Be7 13. Qf3 c6 14. Rae1 Re8 15. Bd3 Bd7 16. Nd1 Qb6 17. Rxe7 Rxe7 18. Bxf6 gxf6 19. Qg4+ Kf8 20. Qh4 Ree8 21. Qxf6 c5 22. Qh8+ Ke7 23. Qe5+ Kd8 24. Qxd5 Re7 25. f6 Re6 26. dxc5 Qc6 27. Qd4 b6 28. cxb6 axb6 29. Nc3 Ra5 30. Bxh7 Rh5 31. Be4 Qc7 32. g3 Ree5 33. Bg2 Reg5 34. Qe4 Qc5+ 35. Kh1 Rxh2+ 36. Kxh2 Rh5+ 37. Bh3 Rxh3+ 38. Kg2 Qg5 39. Qa8+ Kc7 40. Nd5+ Kd6 41. Qb8+ Kxd5 42. Rd1+ Ke4 43. Qb7+ Kf5 44. Rd5+ 1-0

[Event "Montreal op"]
[Site "Montreal CAN"]
[Date "2025.09.04"]
[Round "2.25"]
[White "Both, Aaron"]
[Black "Wu, Ting En Ryan"]
[Result "1-0"]
[WhiteElo "1917"]
[BlackElo "1743"]
[WhiteFideId "-1"]
[WhiteFideId "-1"]
[PlyCount "149"]
[GameId "2219480985728776"]
[EventDate "2025.09.03"]
[EventType "swiss"]
[EventRounds "7"]
[EventCountry "CAN"]

1. e4 c5 2. Nc3 Nc6 3. Bb5 g6 4. Bxc6 bxc6 5. d3 Bg7 6. f4 d6 7. Nf3 Nh6 8. O-O O-O 9. Qe1 f6 10. Qh4 Nf7 11. Bd2 Rb8 12. b3 Rb7 13. Kh1 e5 14. fxe5 Nxe5 15. Nxe5 fxe5 16. Bg5 Qe8 17. Ne2 Rbf7 18. Kg1 Be6 19. h3 Qd7 20. c4 Qc7 21. Rxf7 Rxf7 22. Bd8 Qd7 23. Rf1 h6 24. Rxf7 Kxf7 25. Kh2 Ke8 26. Ba5 d5 27. Nc3 g5 28. Qf2 d4 29. Na4 Qe7 30. g4 Bf8 31. Qg3 Qg7 32. Bd2 Bd6 33. Bc1 Qf8 34. Kg2 Kd7 35. Ba3 Kc7 36. Qe1 Qf4 37. Bxc5 Bxc5 38. Nxc5 Bc8 39. b4 h5 40. gxh5 g4 41. Qf2 gxh3+ 42. Kg1 Qg4+ 43. Kh2 Qxh5 44. Nb3 Qg5 45. Qg3 Qf6 46. Nxd4 Kb7 47. Nf3 Qd6 48. Nxe5 Qxb4 49. Qg7+ Ka8 50. Qxa7+ Kxa7 51. Nxc6+ Kb6 52. Nxb4 Kc5 53. Nc2 Bg4 54. d4+ Kxc4 55. Ne3+ Kxd4 56. Nxg4 Kxe4 57. a3 Kd4 58. Kxh3 Kc3 59. Ne3 Kb3 60. Nc2 Ka4 61. Kg3 Kb3 62. Kf3 Ka4 63. Ke3 Kb3 64. Kd3 Ka4 65. Kc4 Ka5 66. Kb3 Kb5 67. a4+ Ka5 68. Nd4 Kb6 69. Kb4 Ka6 70. a5 Ka7 71. Kb5 Kb7 72. a6+ Ka7 73. Ka5 Kb8 74. Kb6 Ka8 75. Ne6 1-0

[Event "Montreal op"]
[Site "Montreal CAN"]
[Date "2025.09.04"]
[Round "2.26"]
[White "Zhang, Yitian"]
[Black "Robichaud, Louis"]
[Result "0-1"]
[WhiteElo "1833"]
[BlackElo "1914"]
[WhiteFideId "-1"]
[WhiteFideId "-1"]
[PlyCount "82"]
[GameId "2219480985728777"]
[EventDate "2025.09.03"]
[EventType "swiss"]
[EventRounds "7"]
[EventCountry "CAN"]

1. d4 Nf6 2. c4 g6 3. Nc3 Bg7 4. e4 d6 5. Nf3 O-O 6. Be2 e5 7. O-O Nc6 8. d5 Ne7 9. Ne1 Ne8 10. Be3 f5 11. f3 f4 12. Bf2 g5 13. b4 Ng6 14. Nd3 h5 15. c5 Nf6 16. c6 b6 17. a4 a6 18. a5 b5 19. Nb2 g4 20. Nxb5 axb5 21. Bxb5 g3 22. hxg3 fxg3 23. Bxg3 h4 24. Bf2 Nh5 25. Re1 Ngf4 26. Bf1 Qg5 27. Kh2 Ng3 28. Re3 Nxf1+ 29. Qxf1 Ba6 30. Qg1 Rf6 31. Rb3 Rg6 32. b5 Bc8 33. Qf1 Qxg2+ 34. Qxg2 Rxg2+ 35. Kh1 Rxf2 36. Ra4 Ne2 37. b6 Ng3+ 38. Kg1 Rd2 39. Nd3 cxb6 40. axb6 Rxa4 41. Nf2 Ra1+ 0-1

[Event "Montreal op"]
[Site "Montreal CAN"]
[Date "2025.09.04"]
[Round "2.27"]
[White "Buzhor, Danil"]
[Black "Coupal, Kevin"]
[Result "1-0"]
[WhiteElo "1913"]
[BlackElo "1400"]
[WhiteFideId "-1"]
[WhiteFideId "-1"]
[PlyCount "85"]
[GameId "2219480985736970"]
[EventDate "2025.09.03"]
[EventType "swiss"]
[EventRounds "7"]
[EventCountry "CAN"]

1. e4 c5 2. c3 d6 3. d4 b6 4. Nf3 Nc6 5. d5 Na5 6. b4 Nb7 7. Bb2 g6 8. Bb5+ Bd7 9. Bxd7+ Qxd7 10. c4 f6 11. b5 Bg7 12. Nbd2 h6 13. Qe2 O-O-O 14. Nb3 e6 15. O-O e5 16. a4 Qc7 17. Bc3 Ne7 18. a5 Rd7 19. Ra3 Kd8 20. a6 f5 21. Rfa1 Nc8 22. axb7 Qxb7 23. Nh4 Bf6 24. Nxg6 Rg8 25. exf5 Qc7 26. Nd2 Re8 27. Ne4 Bg7 28. Qh5 Rf7 29. Bd2 Qd7 30. g4 Rg8 31. Bxh6 Bxh6 32. Qxh6 Rfg7 33. Qg5+ Re7 34. Nf6 Rxg6 35. Qxg6 Qb7 36. Rh3 Kc7 37. Rh8 Kb8 38. f3 Qc7 39. Ne8 Qd7 40. Nxd6 Rg7 41. Rxc8+ Qxc8 42. Qxg7 Qc7 43. Qg8+ 1-0

[Event "Montreal op"]
[Site "Montreal CAN"]
[Date "2025.09.04"]
[Round "2.28"]
[White "Chua, Zachary"]
[Black "Morteza, Arian"]
[Result "1-0"]
[WhiteElo "1744"]
[BlackElo "1910"]
[WhiteFideId "-1"]
[WhiteFideId "-1"]
[PlyCount "103"]
[GameId "2219480985741067"]
[EventDate "2025.09.03"]
[EventType "swiss"]
[EventRounds "7"]
[EventCountry "CAN"]

1. d4 f5 2. Bf4 Nf6 3. e3 g6 4. Nd2 Bg7 5. h3 O-O 6. Ngf3 d6 7. Be2 c6 8. O-O Qa5 9. c4 Na6 10. a3 Nh5 11. Bh2 e5 12. b4 Qc7 13. b5 Nb8 14. Rc1 c5 15. Nb3 cxd4 16. exd4 f4 17. c5 exd4 18. Nfxd4 a6 19. Bg4 d5 20. Be6+ Kh8 21. Bxd5 Qd8 22. Qf3 axb5 23. Bxb7 Rxa3 24. Bxc8 Bxd4 25. Rcd1 Qf6 26. Rxd4 Rxb3 27. Qxb3 Qxd4 28. Be6 Qxc5 29. Qb2+ Ng7 30. Rc1 Qd6 31. Bb3 Nc6 32. Qa1 Nd4 33. Rd1 Rd8 34. Kh1 h6 35. f3 Ngf5 36. Bg1 Ne3 37. Rd3 Qf6 38. Bxe3 fxe3 39. Rxe3 Qg7 40. Qa5 Rc8 41. Rc3 Qd7 42. Rxc8+ Qxc8 43. Qa1 Qc5 44. Qa8+ Kg7 45. Qg8+ Kf6 46. Qf7+ Ke5 47. Qg7+ Kf4 48. Qxh6+ Kg3 49. Bd1 g5 50. h4 gxh4 51. Qe3 Nf5 52. Qxc5 1-0

[Event "Montreal op"]
[Site "Montreal CAN"]
[Date "2025.09.04"]
[Round "2.29"]
[White "Beaupre, Eugene jr"]
[Black "Lalande, Auguste"]
[Result "1/2-1/2"]
[WhiteElo "1895"]
[BlackElo "1400"]
[WhiteFideId "-1"]
[WhiteFideId "-1"]
[PlyCount "78"]
[GameId "2219480985741068"]
[EventDate "2025.09.03"]
[EventType "swiss"]
[EventRounds "7"]
[EventCountry "CAN"]

1. d4 Nf6 2. c4 g6 3. Nc3 d5 4. e3 Bg7 5. cxd5 Nxd5 6. Nxd5 Qxd5 7. Ne2 O-O 8. Nc3 Qd8 9. Be2 Nd7 10. O-O e6 11. e4 c5 12. d5 exd5 13. exd5 b6 14. Bf4 Bb7 15. Qd2 a6 16. a4 Bd4 17. Bc4 Nf6 18. d6 Nh5 19. Ra3 Qf6 20. Bh6 Rfe8 21. d7 Re5 22. Ne2 Qd6 23. Nxd4 cxd4 24. Rd3 Qxd7 25. Rxd4 Qc6 26. f4 Re4 27. Rxe4 Qxe4 28. Rd1 Re8 29. b3 Ng7 30. Bxg7 Kxg7 31. Qd4+ Qxd4+ 32. Rxd4 Re7 33. Rd6 b5 34. axb5 axb5 35. Bxb5 Re1+ 36. Kf2 Rb1 37. Rd7 Rb2+ 38. Ke1 Bc8 39. Rc7 Be6 1/2-1/2

[Event "Montreal op"]
[Site "Montreal CAN"]
[Date "2025.09.04"]
[Round "2.30"]
[White "Fodil, Abderrahmane"]
[Black "Kiryakov, Marin"]
[Result "0-1"]
[WhiteElo "1400"]
[BlackElo "1895"]
[WhiteFideId "-1"]
[WhiteFideId "-1"]
[PlyCount "62"]
[GameId "2219480985749262"]
[EventDate "2025.09.03"]
[EventType "swiss"]
[EventRounds "7"]
[EventCountry "CAN"]

1. e4 c5 2. Nf3 e6 3. c3 Nf6 4. e5 Nd5 5. d4 cxd4 6. cxd4 b6 7. Nc3 Nxc3 8. bxc3 Qc7 9. Qc2 Bb7 10. Be2 d6 11. Bf4 Nd7 12. O-O Rc8 13. Rac1 Be7 14. Rfe1 O-O 15. Bd1 Bxf3 16. Bxf3 dxe5 17. dxe5 Rfd8 18. Be4 g6 19. Qe2 Qc4 20. Bg3 Qxe2 21. Rxe2 Ba3 22. Rcc2 Nxe5 23. h3 Rd1+ 24. Kh2 Nc4 25. Bb7 Rcd8 26. Ba6 Nd2 27. Re3 Bc5 28. Re5 Nf1+ 29. Bxf1 Rxf1 30. Bf4 Rdd1 31. Be3 Bd6 0-1

[Event "Montreal op"]
[Site "Montreal CAN"]
[Date "2025.09.05"]
[Round "3.1"]
[White "Sambuev, Bator"]
[Black "Kraiouchkine, Nikita"]
[Result "1-0"]
[WhiteElo "2431"]
[BlackElo "2165"]
[WhiteFideId "-1"]
[WhiteFideId "-1"]
[PlyCount "88"]
[GameId "2219590103704385"]
[EventDate "2025.09.03"]
[EventType "swiss"]
[EventRounds "7"]
[EventCountry "CAN"]

1. d4 d5 2. c4 c6 3. Nf3 Nf6 4. e3 e6 5. Nbd2 Nbd7 6. b3 b6 7. Bd3 Bb7 8. O-O c5 9. cxd5 Nxd5 10. Bb2 a6 11. Ne4 cxd4 12. Nxd4 N7f6 13. Ng5 Bb4 14. Rc1 Qd6 15. a3 Bxa3 16. Bxa3 Qxa3 17. e4 Nf4 18. Rc7 Rd8 19. Rxb7 Rxd4 20. Rb8+ Ke7 21. Rxh8 Rxd3 22. Qc2 Rc3 23. Qd2 Qd6 24. Qxd6+ Kxd6 25. Rd1+ Ke7 26. Rb8 Nd7 27. Rb7 Nd3 28. Nxf7 N3c5 29. Rc7 Kxf7 30. Rdxd7+ Kf6 31. f4 Rc1+ 32. Kf2 Nxe4+ 33. Ke3 Re1+ 34. Kf3 g5 35. Rf7+ Kg6 36. Rg7+ Kh6 37. Rxh7+ Kg6 38. Rhg7+ Kh6 39. g4 gxf4 40. h4 Nd2+ 41. Kxf4 Re4+ 42. Kg3 Nf1+ 43. Kf3 Nd2+ 44. Kf2 Re5 1-0

[Event "Montreal op"]
[Site "Montreal CAN"]
[Date "2025.09.05"]
[Round "3.3"]
[White "Gavrilin, Roman"]
[Black "Chiku-Ratte, Olivier-Kenta"]
[Result "1/2-1/2"]
[WhiteElo "2148"]
[BlackElo "2319"]
[WhiteFideId "-1"]
[WhiteFideId "-1"]
[PlyCount "93"]
[GameId "2219590103761731"]
[EventDate "2025.09.03"]
[EventType "swiss"]
[EventRounds "7"]
[EventCountry "CAN"]

1. e4 c5 2. Nf3 e6 3. g3 d5 4. exd5 exd5 5. d4 Nf6 6. Bg2 Be7 7. O-O O-O 8. dxc5 Bxc5 9. Nc3 Nc6 10. Na4 Be7 11. Nd4 Bg4 12. Qd3 Re8 13. Be3 Qa5 14. Qb5 Qc7 15. Nc3 Nb4 16. a3 Bd7 17. Qe2 Nc6 18. Nxd5 Nxd5 19. Bxd5 Nxd4 20. Bxd4 Bf6 21. Qd2 Bxd4 22. Qxd4 Bc6 23. c4 Red8 24. Rfe1 Bxd5 25. cxd5 Qd6 26. Re5 f6 27. Re3 Rd7 28. Rd1 b6 29. b4 Rad8 30. Qg4 Re7 31. Rxe7 Qxe7 32. Qc4 Qd6 33. h4 Kf8 34. Qe4 Qe5 35. Qxh7 Rxd5 36. Qh8+ Kf7 37. Rxd5 Qxd5 38. Qb8 Qd1+ 39. Kh2 Qd4 40. Qxa7+ Kg6 41. Kg2 Qe4+ 42. Kg1 Qe1+ 43. Kg2 Qe4+ 44. Kh2 Qd4 45. Qb7 Qxf2+ 46. Qg2 Qd4 47. Qc2+ 1/2-1/2

[Event "Montreal op"]
[Site "Montreal CAN"]
[Date "2025.09.05"]
[Round "3.5"]
[White "Arruebarrena, Rafael"]
[Black "Guillemette, Hugo"]
[Result "1/2-1/2"]
[WhiteElo "2107"]
[BlackElo "2180"]
[WhiteFideId "-1"]
[WhiteFideId "-1"]
[PlyCount "81"]
[GameId "2219590103786309"]
[EventDate "2025.09.03"]
[EventType "swiss"]
[EventRounds "7"]
[EventCountry "CAN"]

1. e4 c5 2. Nf3 e6 3. d4 cxd4 4. Nxd4 Nc6 5. Nc3 Qc7 6. Be2 a6 7. Nxc6 bxc6 8. Qd3 Nf6 9. Qg3 Qxg3 10. hxg3 d5 11. g4 Rb8 12. g5 Nd7 13. b3 Be7 14. Be3 Bb4 15. Bd2 O-O 16. O-O-O Rd8 17. Na4 Bxd2+ 18. Rxd2 Rf8 19. exd5 exd5 20. f4 Re8 21. c4 Nf8 22. Nc5 Ne6 23. Nxe6 Bxe6 24. cxd5 Bxd5 25. Bxa6 Rb4 26. Rf1 Kf8 27. Bd3 Re3 28. Bc2 h6 29. gxh6 gxh6 30. Kb2 Rg3 31. Rff2 h5 32. Bf5 h4 33. Bh3 Re3 34. Rc2 Ree4 35. f5 f6 36. Rc3 Re1 37. g3 Ke7 38. gxh4 Rxh4 39. Bf1 Re5 40. Bd3 Kd6 41. Bc2 1/2-1/2

[Event "Montreal op"]
[Site "Montreal CAN"]
[Date "2025.09.05"]
[Round "3.6"]
[White "Gutierrez, Renzo"]
[Black "Moses, Neil"]
[Result "1/2-1/2"]
[WhiteElo "2172"]
[BlackElo "2056"]
[WhiteFideId "-1"]
[WhiteFideId "-1"]
[PlyCount "90"]
[GameId "2219590103786310"]
[EventDate "2025.09.03"]
[EventType "swiss"]
[EventRounds "7"]
[EventCountry "CAN"]

1. d4 d5 2. c4 c6 3. Nf3 Nf6 4. e3 e6 5. Nc3 Nbd7 6. Qc2 Be7 7. Bd3 dxc4 8. Bxc4 b5 9. Bd3 Bb7 10. O-O a6 11. a4 b4 12. Ne4 Qc7 13. Bd2 a5 14. Rac1 Rc8 15. Nxf6+ Nxf6 16. h3 h6 17. e4 O-O 18. Be3 Rfd8 19. Rfd1 Nd7 20. Nd2 e5 21. d5 Qb8 22. Nc4 cxd5 23. exd5 Bc5 24. Qb1 Bxe3 25. fxe3 Rc5 26. e4 Rdc8 27. b3 Ba6 28. Rc2 Bxc4 29. Rxc4 Nb6 30. Rxc5 Rxc5 31. Bb5 Nc8 32. Qb2 Rc3 33. Rd3 Qb6+ 34. Kh2 Qc5 35. Qe2 Nd6 36. Rxc3 bxc3 37. Bd3 Qd4 38. Bc2 Kh7 39. Qd3 Qc5 40. Qa6 Qf2 41. Qxd6 Qf4+ 42. Kh1 Qc1+ 43. Kh2 Qf4+ 44. Kh1 Qc1+ 45. Kh2 Qf4+ 1/2-1/2

[Event "Montreal op"]
[Site "Montreal CAN"]
[Date "2025.09.05"]
[Round "3.7"]
[White "Lesiege, Alexandre"]
[Black "Batorshyn, Ilia"]
[Result "1-0"]
[WhiteElo "2465"]
[BlackElo "2189"]
[WhiteFideId "-1"]
[WhiteFideId "-1"]
[PlyCount "35"]
[GameId "2219590103786311"]
[EventDate "2025.09.03"]
[EventType "swiss"]
[EventRounds "7"]
[EventCountry "CAN"]

1. d4 Nf6 2. c4 g6 3. Nc3 Bg7 4. e4 d6 5. Nf3 O-O 6. Be2 Bg4 7. Be3 Bxf3 8. Bxf3 Nfd7 9. Rc1 c5 10. d5 a6 11. Be2 b5 12. cxb5 axb5 13. Bxb5 Qa5 14. a4 Qb4 15. Qc2 Nb6 16. O-O Nxa4 17. Bxa4 Bxc3 18. Bc6 1-0

[Event "Montreal op"]
[Site "Montreal CAN"]
[Date "2025.09.05"]
[Round "3.8"]
[White "Atmani, Amine"]
[Black "Saine, Zachary"]
[Result "0-1"]
[WhiteElo "1871"]
[BlackElo "2068"]
[WhiteFideId "-1"]
[WhiteFideId "-1"]
[PlyCount "48"]
[GameId "2219590103806792"]
[EventDate "2025.09.03"]
[EventType "swiss"]
[EventRounds "7"]
[EventCountry "CAN"]

1. d4 d5 2. c4 e6 3. a3 Nf6 4. Nc3 dxc4 5. Bg5 c6 6. e4 b5 7. e5 h6 8. Bh4 g5 9. exf6 gxh4 10. Ne4 Qd5 11. Nc3 Qf5 12. Be2 a6 13. b3 cxb3 14. Qxb3 Nd7 15. Bf3 Bb7 16. a4 b4 17. Ne4 Nxf6 18. Nd2 Nd5 19. Ne2 a5 20. O-O Rg8 21. Rfe1 Be7 22. Nc4 Kf8 23. Ne3 Qxf3 24. Ng3 Qf5 0-1

[Event "Montreal op"]
[Site "Montreal CAN"]
[Date "2025.09.05"]
[Round "3.9"]
[White "Latorre, Vincent"]
[Black "Nicula, Marius"]
[Result "1-0"]
[WhiteElo "2319"]
[BlackElo "2155"]
[WhiteFideId "-1"]
[WhiteFideId "-1"]
[PlyCount "41"]
[GameId "2219565174252191"]
[EventDate "2025.09.03"]
[EventType "swiss"]
[EventRounds "7"]
[EventCountry "CAN"]

1. e4 e6 2. d4 d5 3. Nc3 Nf6 4. e5 Nfd7 5. f4 c5 6. Nf3 Nc6 7. Be3 Be7 8. Ne2 Qb6 9. Qc1 O-O 10. c3 f6 11. h4 a5 12. a4 cxd4 13. cxd4 fxe5 14. fxe5 Bb4+ 15. Kf2 Ndxe5 16. dxe5 d4 17. Bf4 d3+ 18. Be3 Qd8 19. Nf4 d2 20. Qc2 Bd7 21. Bd3 1-0

[Event "Montreal op"]
[Site "Montreal CAN"]
[Date "2025.09.05"]
[Round "3.10"]
[White "Tanaka, Tyler"]
[Black "Siegel, Adam"]
[Result "1-0"]
[WhiteElo "2244"]
[BlackElo "2051"]
[WhiteFideId "-1"]
[WhiteFideId "-1"]
[PlyCount "75"]
[GameId "2219567917572775"]
[EventDate "2025.09.03"]
[EventType "swiss"]
[EventRounds "7"]
[EventCountry "CAN"]

1. Nf3 Nf6 2. g3 g6 3. b3 Bg7 4. Bb2 O-O 5. Bg2 d5 6. O-O c5 7. c4 d4 8. e3 Nc6 9. exd4 cxd4 10. Re1 Nd7 11. d3 e5 12. a3 a5 13. Nbd2 f5 14. Qb1 h6 15. b4 axb4 16. axb4 Rxa1 17. Bxa1 Qb6 18. b5 Nd8 19. Bb2 Ne6 20. Ba3 Re8 21. c5 Nexc5 22. Nc4 Qd8 23. Nfxe5 Nxe5 24. Bxc5 Nxc4 25. dxc4 Kh7 26. Bd5 f4 27. Rxe8 Qxe8 28. Be4 fxg3 29. hxg3 Qf7 30. Bd5 Qf6 31. Qe4 b6 32. Qe8 h5 33. Bb4 Bg4 34. Bg8+ Kh6 35. Bd2+ g5 36. f4 gxf4 37. Bxf4+ Qxf4 38. gxf4 1-0

[Event "Montreal op"]
[Site "Montreal CAN"]
[Date "2025.09.05"]
[Round "3.11"]
[White "Lawson, Eric"]
[Black "Genzling, Jerome"]
[Result "0-1"]
[WhiteElo "2199"]
[BlackElo "2019"]
[WhiteFideId "-1"]
[WhiteFideId "-1"]
[PlyCount "92"]
[GameId "2219569575056047"]
[EventDate "2025.09.03"]
[EventType "swiss"]
[EventRounds "7"]
[EventCountry "CAN"]

1. e4 c5 2. Nf3 Nc6 3. Bb5 g6 4. Bxc6 dxc6 5. h3 Bg7 6. d3 Nf6 7. Nc3 Nd7 8. Be3 e5 9. Qd2 h6 10. O-O Qe7 11. Nh2 Nf8 12. f4 exf4 13. Rxf4 Ne6 14. Rf2 Nd4 15. Raf1 Be6 16. Ne2 Nxe2+ 17. Rxe2 O-O-O 18. b3 b6 19. Qc1 Qd7 20. Bf4 g5 21. Bg3 Rde8 22. e5 Rhg8 23. Ref2 Re7 24. Qd1 Rh8 25. Qh5 Qd4 26. Kh1 Bd5 27. Ng4 Be6 28. Nf6 Bxf6 29. Rxf6 Qe3 30. Kh2 g4 31. h4 Kb7 32. R1f4 Qd2 33. Rxh6 Bd5 34. Rf2 Qxh6 35. Qxg4 Be6 36. Qf4 Qh5 37. b4 cxb4 38. Qxb4 Rd7 39. a4 Rg8 40. a5 Qg4 41. Qxg4 Rxg4 42. axb6 axb6 43. Rf6 Rd8 44. Bf2 Ra8 45. h5 Rag8 46. g3 R4g5 0-1

[Event "Montreal op"]
[Site "Montreal CAN"]
[Date "2025.09.05"]
[Round "3.12"]
[White "Migot, Tangi"]
[Black "Both, Aaron"]
[Result "1-0"]
[WhiteElo "2324"]
[BlackElo "1917"]
[WhiteFideId "-1"]
[WhiteFideId "-1"]
[PlyCount "65"]
[GameId "2219584492995315"]
[EventDate "2025.09.03"]
[EventType "swiss"]
[EventRounds "7"]
[EventCountry "CAN"]

1. d4 f5 2. Bf4 Nf6 3. e3 d6 4. Nc3 Nbd7 5. Nf3 e6 6. h3 g6 7. g4 c6 8. gxf5 exf5 9. d5 c5 10. Ng5 Nh5 11. Ne6 Qb6 12. Nb5 Nxf4 13. Nec7+ Kd8 14. exf4 Rb8 15. Qd2 Nf6 16. a4 Ne4 17. Qe3 Qa5+ 18. c3 a6 19. b4 cxb4 20. Qa7 bxc3 21. Bd3 c2+ 22. Kf1 Qd2 23. Bxe4 fxe4 24. Ne6+ Kd7 25. Qxb8 c1=Q+ 26. Rxc1 Qxc1+ 27. Kg2 Qc4 28. Nxf8+ Rxf8 29. Qxd6+ Ke8 30. Qe5+ Kd8 31. Qg7 Rxf4 32. Qg8+ Ke7 33. d6+ 1-0

[Event "Montreal op"]
[Site "Montreal CAN"]
[Date "2025.09.05"]
[Round "3.13"]
[White "Lima-Barbosa, Raphael"]
[Black "Martinez Mulet, Dario Leonel"]
[Result "0-1"]
[WhiteElo "1925"]
[BlackElo "2173"]
[WhiteFideId "-1"]
[WhiteFideId "-1"]
[PlyCount "80"]
[GameId "2219585858503481"]
[EventDate "2025.09.03"]
[EventType "swiss"]
[EventRounds "7"]
[EventCountry "CAN"]

1. e4 c6 2. Nf3 d5 3. d3 Bg4 4. h3 Bxf3 5. Qxf3 e6 6. g3 Nd7 7. Bg2 Ngf6 8. O-O Bc5 9. Re1 dxe4 10. dxe4 Qb6 11. Nd2 O-O 12. Nb3 Bb4 13. c3 Be7 14. Be3 Qc7 15. Qe2 e5 16. a4 c5 17. Nd2 Rac8 18. Nc4 Nb6 19. Nxb6 axb6 20. Qc4 Qc6 21. f3 Nh5 22. Kh2 Qg6 23. Bf2 Kh8 24. Rad1 Rcd8 25. Qb5 Rd6 26. Rd5 Rxd5 27. exd5 Bd6 28. Qd7 f5 29. Bf1 Nf6 30. Qxb7 f4 31. g4 e4 32. Bh4 e3 33. Qa6 h5 34. Bd3 Qf7 35. g5 Nxd5 36. Qc4 Qe6 37. Be4 Nc7 38. Qxe6 Nxe6 39. Rd1 Be7 40. Kg1 Bxg5 0-1

[Event "Montreal op"]
[Site "Montreal CAN"]
[Date "2025.09.05"]
[Round "3.14"]
[White "Robichaud, Louis"]
[Black "Duong, Thanh Nha"]
[Result "0-1"]
[Annotator "hugh_"]
[WhiteElo "1914"]
[BlackElo "2145"]
[WhiteFideId "-1"]
[WhiteFideId "-1"]
[PlyCount "80"]
[GameId "2219782075044195"]
[EventDate "2025.09.03"]
[EventType "swiss"]
[EventRounds "7"]
[EventCountry "CAN"]

1. e4 e5 2. f4 exf4 3. Nf3 d6 4. d4 g5 5. g3 g4 6. Nh4 f3 7. Nc3 Nc6 8. Be3 Be7 9. Qd2 h6 10. O-O-O Bg5 11. Kb1 Bd7 12. Bc4 Bxe3 13. Qxe3 Qg5 14. Qf2 Nge7 15. h3 gxh3 16. Nxf3 Qf6 17. e5 dxe5 18. dxe5 Nxe5 19. Nxe5 Qxf2 20. Bxf7+ Kd8 21. Nxd7 c6 22. Nc5+ Nd5 23. Nxb7+ Kc7 24. Bxd5 Kxb7 25. Rhf1 Qxf1 26. Rxf1 cxd5 27. Rh1 Rae8 28. Kc1 Kc6 29. Rxh3 h5 30. Kd2 Re5 31. Ne2 Rg8 32. Nf4 Rgg5 33. b3 Kd6 34. a4 Ke7 35. Kd3 Kf6 36. Ng2 Kg7 37. Nf4 Kh6 38. b4 Re1 39. a5 Rg1 40. Ne2 Rd1+ {Unreadable scoresheets. Black won in 50 moves.} 0-1

[Event "Montreal op"]
[Site "Montreal CAN"]
[Date "2025.09.05"]
[Round "3.15"]
[White "Saha, Ananda"]
[Black "Buzhor, Danil"]
[Result "1-0"]
[WhiteElo "2105"]
[BlackElo "1913"]
[WhiteFideId "-1"]
[WhiteFideId "-1"]
[PlyCount "53"]
[GameId "2219785936773486"]
[EventDate "2025.09.03"]
[EventType "swiss"]
[EventRounds "7"]
[EventCountry "CAN"]

1. d4 c5 2. d5 e6 3. e4 exd5 4. exd5 d6 5. Nf3 Nf6 6. Nc3 Be7 7. h3 O-O 8. Bd3 Nbd7 9. O-O a6 10. a4 Re8 11. Re1 Bf8 12. Bf4 Rxe1+ 13. Qxe1 Nb6 14. a5 Nbxd5 15. Nxd5 Nxd5 16. Bxh7+ Kh8 17. Bg5 Be7 18. Bd3 Nf6 19. Ra4 g6 20. Rf4 Kg7 21. Qc3 b5 22. axb6 Rb8 23. Rh4 Rxb6 24. Qd2 d5 25. Bh6+ Kg8 26. Bg7 Bf8 27. Rh8+ 1-0

[Event "Montreal op"]
[Site "Montreal CAN"]
[Date "2025.09.05"]
[Round "3.16"]
[White "Kiryakov, Marin"]
[Black "Navarro Guerrero, Pavel"]
[Result "0-1"]
[WhiteElo "1895"]
[BlackElo "2100"]
[WhiteFideId "-1"]
[WhiteFideId "-1"]
[PlyCount "58"]
[GameId "2219786991489398"]
[EventDate "2025.09.03"]
[EventType "swiss"]
[EventRounds "7"]
[EventCountry "CAN"]

1. e4 c5 2. Nf3 d6 3. d4 cxd4 4. Nxd4 Nf6 5. Nc3 Nc6 6. Bg5 Bd7 7. Qd2 a6 8. f3 e6 9. O-O-O Be7 10. Kb1 O-O 11. g4 b5 12. Nxc6 Bxc6 13. h4 Rc8 14. Ne2 Nxe4 15. Qd4 Nxg5 16. hxg5 Bxf3 17. Rh3 e5 18. Qg1 Be4 19. Nc3 Bg6 20. Bd3 Rxc3 21. bxc3 e4 22. Be2 Bxg5 23. Qh2 d5 24. Qe5 Bf6 25. Qxd5 Qc8 26. Rdh1 Rd8 27. Rxh7 Bxh7 28. Qh5 Qxc3 29. Qxh7+ Kf8 0-1